[Event "15. Torneo Aficionados Benidorm s-2300"]
[Site "Benidorm ESP"]
[Date "2016.12.07"]
[Round "7.4"]
[White "Torres Sanchez, Jose"]
[Black "Madina Yadarola, Martin"]
[Result "1/2-1/2"]
[PlyCount "73"]
[EventDate "2016.12.02"]
[EventType "swiss"]
[EventRounds "10"]
[EventCountry "ESP"]
[SourceTitle "Ajedrez en Madrid"]
[Source "lmi"]
[SourceDate "2016.12.02"]
[WhiteElo "2281"]
[BlackElo "2209"]

1. e4 d5 2. exd5 Qxd5 3. Nc3 Qd6 4. d4 Nf6 5. Nf3 c6 6. Ne5 Nbd7 7. Nc4 Qc7 8.
g3 Nb6 9. Bf4 Qd8 10. Ne5 Nbd5 11. Nxd5 Nxd5 12. Bd2 g6 13. Qf3 Be6 14. Bh3 Qc8
15. Bxe6 Qxe6 16. O-O Bg7 17. Rfe1 O-O 18. c4 Nb6 19. Rac1 Qc8 20. Re4 f5 21.
Re2 Qd8 22. b3 Nd7 23. Bc3 Nxe5 24. dxe5 Qc7 25. h4 h5 26. e6 Bxc3 27. Qxc3
Rad8 28. Re5 c5 29. Rce1 Rd4 30. Qf3 Rfd8 31. Rxf5 gxf5 32. Qxf5 Qc6 33. Qg6+
Kh8 34. Qxh5+ Kg8 35. Kh2 Ra8 36. Ra1 Rxh4+ 37. gxh4 1/2-1/2

[Event "15. Torneo Aficionados Benidorm s-2300"]
[Site "Benidorm ESP"]
[Date "2016.12.07"]
[Round "7.5"]
[White "Lacrosse, Marc"]
[Black "Mingarro Carceller, Sergi"]
[Result "1/2-1/2"]
[PlyCount "55"]
[EventDate "2016.12.02"]
[EventType "swiss"]
[EventRounds "10"]
[EventCountry "ESP"]
[SourceTitle "Ajedrez en Madrid"]
[Source "lmi"]
[SourceDate "2016.12.02"]
[WhiteElo "2205"]
[BlackElo "2276"]

1. d4 f5 2. g3 Nf6 3. Bg2 e6 4. c4 c6 5. Qc2 d5 6. Nh3 Bd6 7. O-O O-O 8. Bf4
Be7 9. Nd2 Na6 10. Bg5 h6 11. Bxf6 Bxf6 12. e3 g5 13. f4 g4 14. Nf2 b6 15. Nd3
Bb7 16. cxd5 cxd5 17. Rac1 Qd6 18. Qa4 Rfc8 19. Nc4 Qd8 20. Nce5 Qd6 21. Nc4
Qd8 22. Nce5 Qe8 23. Qxe8+ Rxe8 24. Rc3 Rec8 25. Rfc1 Rxc3 26. Rxc3 Be7 27. Bf1
Bd6 28. Kf2 1/2-1/2

[Event "15. Torneo Aficionados Benidorm s-2300"]
[Site "Benidorm ESP"]
[Date "2016.12.07"]
[Round "7.6"]
[White "Buyukasik, Diyap"]
[Black "Gomez Jurado, Luis Alberto"]
[Result "1-0"]
[PlyCount "69"]
[EventDate "2016.12.02"]
[EventType "swiss"]
[EventRounds "10"]
[EventCountry "ESP"]
[SourceTitle "Ajedrez en Madrid"]
[Source "lmi"]
[SourceDate "2016.12.02"]
[WhiteElo "2179"]
[BlackElo "2248"]

1. Nf3 Nf6 2. c4 c6 3. g3 g6 4. b3 Bg7 5. Bb2 O-O 6. Bg2 a5 7. O-O d5 8. d3 Bf5
9. Nbd2 a4 10. b4 a3 11. Bc3 Nbd7 12. Rc1 Nb6 13. c5 Na4 14. Bd4 Ne8 15. Bxg7
Kxg7 16. Qb3 d4 17. Nc4 Be6 18. Rc2 f6 19. Qxa3 Bxc4 20. dxc4 Nxc5 21. Qb2 Ne6
22. Rd1 Qb6 23. c5 Qb5 24. Nxd4 Nxd4 25. Rxd4 Ra4 26. e4 Ra8 27. Rd7 Rf7 28.
Bf1 Qa4 29. Bc4 e6 30. Rxf7+ Kxf7 31. Rd2 Ke7 32. Qd4 Ng7 33. Qd7+ Kf8 34. Bxe6
Nxe6 35. Qxe6 1-0

[Event "15. Torneo Aficionados Benidorm s-2300"]
[Site "Benidorm ESP"]
[Date "2016.12.07"]
[Round "7.7"]
[White "Nieves Cabanes, Javier"]
[Black "Urukalovic, Roman"]
[Result "1/2-1/2"]
[PlyCount "34"]
[EventDate "2016.12.02"]
[EventType "swiss"]
[EventRounds "10"]
[EventCountry "ESP"]
[SourceTitle "Ajedrez en Madrid"]
[Source "lmi"]
[SourceDate "2016.12.02"]
[WhiteElo "2166"]
[BlackElo "2243"]

1. Nf3 Nf6 2. c4 g6 3. b4 Bg7 4. Bb2 O-O 5. e3 d6 6. d4 Nbd7 7. Be2 e5 8. Nc3
exd4 9. Nxd4 a6 10. a3 Ne5 11. O-O c5 12. Nf3 Nfg4 13. h3 Nxf3+ 14. Bxf3 Ne5
15. Bd5 Rb8 16. Qe2 Qe7 17. Rad1 Kh8 1/2-1/2

[Event "15. Torneo Aficionados Benidorm s-2300"]
[Site "Benidorm ESP"]
[Date "2016.12.07"]
[Round "7.8"]
[White "Belousov, Gennadiy"]
[Black "Solano Lasierra, Javier"]
[Result "1-0"]
[PlyCount "99"]
[EventDate "2016.12.02"]
[EventType "swiss"]
[EventRounds "10"]
[EventCountry "ESP"]
[SourceTitle "Ajedrez en Madrid"]
[Source "lmi"]
[SourceDate "2016.12.02"]
[WhiteElo "2230"]
[BlackElo "2143"]

1. d4 d5 2. c4 dxc4 3. e3 e5 4. Bxc4 exd4 5. exd4 Nf6 6. Nf3 Be7 7. O-O O-O 8.
Nc3 Nbd7 9. Re1 Nb6 10. Bb3 c6 11. Ne5 Nbd5 12. Qf3 Be6 13. Bg5 Nc7 14. Bc2
Ncd5 15. Rad1 Re8 16. h3 Rc8 17. Bb1 Nd7 18. Bc1 Nf8 19. Ne4 Rc7 20. a3 Ng6 21.
Qh5 Nf6 22. Nxf6+ Bxf6 23. Bc2 Bd5 24. Re3 Bxe5 25. dxe5 Rd7 26. Rde1 Nf8 27.
Rg3 f6 28. Rge3 fxe5 29. Rxe5 Rxe5 30. Rxe5 Bf7 31. Qe2 Ng6 32. Re4 Re7 33. Be3
Rxe4 34. Bxe4 a6 35. Qg4 Qe8 36. Bf5 Ne5 37. Qb4 b5 38. Bd4 Nc4 39. Qc3 Qf8 40.
Qd3 h6 41. Bh7+ Kh8 42. Be4 c5 43. Bc3 b4 44. axb4 cxb4 45. Bd4 a5 46. Qg3 a4
47. Qf4 Kg8 48. Qf5 Qd6 49. Qc8+ Qf8 50. Bh7+ 1-0

[Event "15. Torneo Aficionados Benidorm s-2300"]
[Site "Benidorm ESP"]
[Date "2016.12.07"]
[Round "7.9"]
[White "Jimenez Almeida, Luis David"]
[Black "Pavel, Sebastian-Ionut"]
[Result "0-1"]
[PlyCount "98"]
[EventDate "2016.12.02"]
[EventType "swiss"]
[EventRounds "10"]
[EventCountry "ESP"]
[SourceTitle "Ajedrez en Madrid"]
[Source "lmi"]
[SourceDate "2016.12.02"]
[WhiteElo "2215"]
[BlackElo "2108"]

1. d4 d5 2. Nf3 e6 3. g3 Nf6 4. Bg2 c6 5. O-O Be7 6. c4 O-O 7. Qc2 b6 8. Nbd2
Bb7 9. e4 dxc4 10. e5 Nd5 11. Nxc4 Nd7 12. h4 h6 13. Ne3 Nxe3 14. Bxe3 c5 15.
dxc5 Bxc5 16. Bf4 Rc8 17. Qe2 Qc7 18. Rac1 Qb8 19. Nh2 Bxg2 20. Kxg2 Rfd8 21.
Ng4 Bf8 22. Rcd1 Nc5 23. Kg1 Rxd1 24. Rxd1 Rd8 25. b4 Na4 26. Rxd8 Qxd8 27.
Bxh6 Nc3 28. Qf3 Nxa2 29. Kh2 Nxb4 30. Qe4 Qd3 31. Nf6+ gxf6 32. Qa8 Kh7 33.
Qxf8 Qg6 34. Qxb4 Kxh6 35. Qf8+ Kh7 36. Qe7 fxe5 37. Qxa7 b5 38. Qc5 Qf5 39.
Kg1 e4 40. Qd4 Kg6 41. Qb6 Kh5 42. Qd4 f6 43. Qd1+ Qf3 44. Qd7 b4 45. Qxe6 b3
46. Qd5+ Kg4 47. Qd7+ f5 48. Qd4 Kh3 49. Kf1 Qd3+ 0-1

[Event "15. Torneo Aficionados Benidorm s-2300"]
[Site "Benidorm ESP"]
[Date "2016.12.07"]
[Round "7.10"]
[White "Exposito Amaro, Josue"]
[Black "Lloret Ramis, Juan Jose"]
[Result "1-0"]
[PlyCount "61"]
[EventDate "2016.12.02"]
[EventType "swiss"]
[EventRounds "10"]
[EventCountry "ESP"]
[SourceTitle "Ajedrez en Madrid"]
[Source "lmi"]
[SourceDate "2016.12.02"]
[WhiteElo "2283"]
[BlackElo "2144"]

1. e4 e6 2. Nc3 d5 3. Nf3 Nf6 4. e5 Ne4 5. Ne2 Be7 6. d3 Ng5 7. Ng3 O-O 8. Nh5
f5 9. h4 Nxf3+ 10. Qxf3 Qe8 11. Be2 Nc6 12. Qf4 Bc5 13. c3 Ne7 14. Qg3 Qg6 15.
Qh2 Nc6 16. d4 Be7 17. Be3 Bd7 18. O-O-O b5 19. Rd3 Rfb8 20. Bd2 Qf7 21. Rg1 b4
22. g4 f4 23. g5 bxc3 24. Bxc3 Nb4 25. Bxb4 Rxb4 26. Nf6+ gxf6 27. gxf6+ Kh8
28. Rg7 Qf8 29. Qxf4 Bxf6 30. exf6 Bb5 31. Qh6 1-0

[Event "15. Torneo Aficionados Benidorm s-2300"]
[Site "Benidorm ESP"]
[Date "2016.12.07"]
[Round "7.11"]
[White "Gonzalez Laso, Adrian"]
[Black "Cano Gimenez, Vicente"]
[Result "1-0"]
[PlyCount "59"]
[EventDate "2016.12.02"]
[EventType "swiss"]
[EventRounds "10"]
[EventCountry "ESP"]
[SourceTitle "Ajedrez en Madrid"]
[Source "lmi"]
[SourceDate "2016.12.02"]
[WhiteElo "2192"]
[BlackElo "2282"]

1. e4 c5 2. Nc3 Nc6 3. g3 g6 4. Bg2 Bg7 5. d3 d6 6. Be3 Rb8 7. Qd2 b5 8. f4 e6
9. e5 Nd4 10. Ne4 dxe5 11. fxe5 Bxe5 12. c3 Nc6 13. Bxc5 f5 14. Ng5 Nge7 15.
Qe2 Bd6 16. Nxe6 Bxe6 17. Qxe6 Bxc5 18. Bxc6+ Kf8 19. Qe5 Kf7 20. Qxc5 Nxc6 21.
O-O-O Qf6 22. Nf3 Rhc8 23. Rhe1 a5 24. Qd5+ Kg7 25. Re6 Qd8 26. Qc5 Nb4 27.
Qe5+ Kf7 28. h4 h6 29. h5 gxh5 30. Qxf5+ 1-0

[Event "15. Torneo Aficionados Benidorm s-2300"]
[Site "Benidorm ESP"]
[Date "2016.12.07"]
[Round "7.13"]
[White "De La Cruz Sanchez, Carlos G"]
[Black "Alvarez Serrano, Carlos"]
[Result "1-0"]
[PlyCount "101"]
[EventDate "2016.12.02"]
[EventType "swiss"]
[EventRounds "10"]
[EventCountry "ESP"]
[SourceTitle "Ajedrez en Madrid"]
[Source "lmi"]
[SourceDate "2016.12.02"]
[WhiteElo "2250"]
[BlackElo "2141"]

1. d4 Nf6 2. Nf3 e6 3. c4 d5 4. Nc3 dxc4 5. e3 a6 6. Bxc4 b5 7. Bb3 Bb7 8. O-O
c5 9. Qe2 Nbd7 10. Rd1 Qb8 11. e4 cxd4 12. Nxd4 Bd6 13. h3 O-O 14. a3 Nc5 15.
Bc2 Rc8 16. Nf3 Bf4 17. Rd4 Bxc1 18. Rxc1 Ncd7 19. Rcd1 Ne5 20. Nxe5 Qxe5 21.
f4 Qc5 22. Qf2 Qc7 23. Bb3 Rd8 24. e5 Ne8 25. f5 Rxd4 26. Rxd4 Qxe5 27. fxe6
fxe6 28. Rd7 Nd6 29. Qd2 Ne4 30. Qe3 Qc5 31. Rd4 Nxc3 32. Rd8+ Rxd8 33. Bxe6+
Kh8 34. Qxc5 Nd5 35. Qa7 Ba8 36. Bxd5 Bxd5 37. Qxa6 Bc4 38. a4 Rb8 39. Qd6 Ra8
40. Qc6 Rxa4 41. Qe8+ Bg8 42. Qxb5 Ra1+ 43. Kh2 Ra2 44. b4 h6 45. Qe8 Rd2 46.
b5 Kh7 47. Qe3 Rd6 48. b6 Bd5 49. Qc5 Rd7 50. h4 Bb7 51. Kh1 1-0

[Event "15. Torneo Aficionados Benidorm s-2300"]
[Site "Benidorm ESP"]
[Date "2016.12.07"]
[Round "7.14"]
[White "Kolotilina, Liudmila"]
[Black "Lapicki, Raul"]
[Result "1/2-1/2"]
[PlyCount "62"]
[EventDate "2016.12.02"]
[EventType "swiss"]
[EventRounds "10"]
[EventCountry "ESP"]
[SourceTitle "Ajedrez en Madrid"]
[Source "lmi"]
[SourceDate "2016.12.02"]
[WhiteElo "2163"]
[BlackElo "2243"]

1. e4 e5 2. Nf3 Nc6 3. Nc3 Nf6 4. g3 g6 5. d4 exd4 6. Nxd4 Bg7 7. Nxc6 bxc6 8.
Bd3 O-O 9. O-O Re8 10. f4 d6 11. Qf3 Rb8 12. f5 gxf5 13. Bg5 Qe7 14. Rae1 Qe5
15. exf5 Qc5+ 16. Be3 Qa5 17. Bd4 Bd7 18. Ne4 Nxe4 19. Qg4 f6 20. Rxe4 Rxe4 21.
Bxe4 Kh8 22. Qh4 Rf8 23. Bc3 Qxa2 24. Bd3 Qf7 25. Ra1 Qd5 26. Ra5 c5 27. Qe4
Qf7 28. Rxa7 Re8 29. Ra8 Rxa8 30. Qxa8+ Qe8 31. Bf1 Qd8 1/2-1/2

[Event "15. Torneo Aficionados Benidorm s-2300"]
[Site "Benidorm ESP"]
[Date "2016.12.08"]
[Round "8.1"]
[White "Pavel, Sebastian-Ionut"]
[Black "Hristodorescu, Daniel"]
[Result "0-1"]
[PlyCount "84"]
[EventDate "2016.12.02"]
[EventType "swiss"]
[EventRounds "10"]
[EventCountry "ESP"]
[SourceTitle "Ajedrez en Madrid"]
[Source "lmi"]
[SourceDate "2016.12.02"]
[WhiteElo "2108"]
[BlackElo "2219"]

1. e4 e5 2. Nf3 Nc6 3. Bc4 Bc5 4. c3 Qe7 5. d3 d6 6. Bb3 Nf6 7. h3 O-O 8. Bg5
h6 9. Bh4 Be6 10. Nbd2 Bxb3 11. axb3 Kh8 12. Nh2 g5 13. Bg3 Rad8 14. Ng4 Nxg4
15. hxg4 Kg7 16. Qe2 a5 17. f3 Qe6 18. Bf2 Bxf2+ 19. Kxf2 d5 20. g3 d4 21. Nc4
b5 22. Nxa5 Nxa5 23. Rxa5 Qb6 24. b4 dxc3+ 25. Kg2 cxb2 26. Rb1 Rd4 27. Rxb2
Rfd8 28. Rb3 c5 29. Ra2 cxb4 30. Rab2 Qd6 31. Qd2 Rc8 32. Rxb4 Rxd3 33. Qf2
Rcc3 34. Rxb5 Qf6 35. f4 Rxg3+ 36. Qxg3 Rxg3+ 37. Kxg3 Qxf4+ 38. Kh3 Qf3+ 39.
Kh2 Qxg4 40. R5b4 h5 41. Rf2 h4 42. Rg2 Qf4+ 0-1

[Event "15. Torneo Aficionados Benidorm s-2300"]
[Site "Benidorm ESP"]
[Date "2016.12.08"]
[Round "8.2"]
[White "Roig Aguilar, Alejandro"]
[Black "Belousov, Gennadiy"]
[Result "1/2-1/2"]
[PlyCount "100"]
[EventDate "2016.12.02"]
[EventType "swiss"]
[EventRounds "10"]
[EventCountry "ESP"]
[SourceTitle "Ajedrez en Madrid"]
[Source "lmi"]
[SourceDate "2016.12.02"]
[WhiteElo "2150"]
[BlackElo "2230"]

1. e4 d5 2. exd5 Qxd5 3. Nc3 Qa5 4. g3 Nf6 5. Bg2 c6 6. Nge2 Bf5 7. b4 Qc7 8.
O-O a6 9. d3 e6 10. Rb1 Nd5 11. Nxd5 cxd5 12. Nd4 Bg6 13. h4 h5 14. Qe2 Nc6 15.
Nxe6 fxe6 16. Qxe6+ Ne7 17. Bxd5 Rd8 18. c4 Rxd5 19. cxd5 Bf7 20. d6 Bxe6 21.
dxc7 Kd7 22. b5 axb5 23. Bf4 Nd5 24. Rfc1 Ba3 25. c8=Q+ Rxc8 26. Rxc8 Kxc8 27.
Rxb5 Nxf4 28. gxf4 g6 29. Kg2 Be7 30. Kg3 Bxa2 31. f5 Bf7 32. fxg6 Bxg6 33. f4
Be8 34. Rb1 b5 35. f5 Bd6+ 36. Kf3 b4 37. Ke4 Bf7 38. d4 Ba2 39. Rf1 Kd7 40. f6
Ke6 41. Kd3 Kf7 42. Kc2 Be6 43. Kb2 Bg3 44. d5 Bg4 45. Kb3 Bxh4 46. Kxb4 Bg3
47. Kc5 h4 48. Kc6 h3 49. d6 h2 50. d7 Bxd7+ 1/2-1/2

[Event "15. Torneo Aficionados Benidorm s-2300"]
[Site "Benidorm ESP"]
[Date "2016.12.08"]
[Round "8.3"]
[White "Nunez Garcia, Alberto"]
[Black "Buyukasik, Diyap"]
[Result "0-1"]
[PlyCount "103"]
[EventDate "2016.12.02"]
[EventType "swiss"]
[EventRounds "10"]
[EventCountry "ESP"]
[SourceTitle "Ajedrez en Madrid"]
[Source "lmi"]
[SourceDate "2016.12.02"]
[WhiteElo "2053"]
[BlackElo "2179"]

1. e4 c5 2. Nf3 Nc6 3. d3 g6 4. Nbd2 Bg7 5. c3 d6 6. a4 Nf6 7. Be2 O-O 8. Qc2
a6 9. Nf1 Rb8 10. Ng3 b5 11. axb5 axb5 12. Bg5 b4 13. O-O Qb6 14. Rfb1 Bb7 15.
h3 Ra8 16. Qd2 Rfe8 17. Bd1 Nd7 18. Qc2 e6 19. c4 Rec8 20. Be3 Qd8 21. Nf1 h6
22. Rxa8 Rxa8 23. Qc1 Kh7 24. Ra1 Qh8 25. Rxa8 Qxa8 26. Qb1 f5 27. exf5 gxf5
28. N1h2 Nd4 29. Bxd4 cxd4 30. Qc2 Nc5 31. Ne1 e5 32. g4 f4 33. Bf3 Kh8 34.
Bxb7 Qxb7 35. Nhf3 Qa6 36. Nd2 Qa2 37. Qb1 b3 38. Kf1 e4 39. dxe4 d3 40. Qd1
Qxb2 41. Nxb3 Nxb3 42. Nxd3 Qc3 43. Nxf4 Qxc4+ 44. Qe2 Qc1+ 45. Kg2 Qxf4 46.
Qc4 Nd4 47. Qd3 Be5 48. Kf1 Qh2 49. Ke1 Qh1+ 50. Qf1 Qxe4+ 51. Kd1 Qe1+ 52.
Kxe1 0-1

[Event "15. Torneo Aficionados Benidorm s-2300"]
[Site "Benidorm ESP"]
[Date "2016.12.08"]
[Round "8.4"]
[White "Aroven, Mikael"]
[Black "Exposito Amaro, Josue"]
[Result "0-1"]
[PlyCount "114"]
[EventDate "2016.12.02"]
[EventType "swiss"]
[EventRounds "10"]
[EventCountry "ESP"]
[SourceTitle "Ajedrez en Madrid"]
[Source "lmi"]
[SourceDate "2016.12.02"]
[WhiteElo "2121"]
[BlackElo "2283"]

1. c4 e6 2. g3 f5 3. Bg2 Nf6 4. Nf3 Be7 5. O-O O-O 6. b3 d6 7. d4 Ne4 8. Bb2 a5
9. Ne1 Nd7 10. Nd3 Qe8 11. f3 Ng5 12. Nd2 Bf6 13. f4 Nf7 14. e4 e5 15. fxe5
dxe5 16. d5 Nd6 17. c5 fxe4 18. Nxe4 Nxe4 19. Bxe4 Be7 20. Qc2 Nf6 21. Bg2 e4
22. Nf4 Qb5 23. Rac1 Bf5 24. h3 b6 25. cxb6 Qxb6+ 26. Kh1 Bd6 27. Qc3 Rae8 28.
Ne6 Bxe6 29. dxe6 Rxe6 30. Rf5 Qb4 31. Qe3 Rfe8 32. Bf1 Be5 33. Rxe5 Rxe5 34.
Bxe5 Rxe5 35. Rxc7 h6 36. Qc3 Qd6 37. Qc4+ Kh7 38. Qc6 Qf8 39. Bc4 Ne8 40. Rf7
Qb4 41. Kg2 Qd2+ 42. Rf2 Qd4 43. Qa6 Nd6 44. Be2 Qd5 45. Bc4 Qd4 46. h4 Nf5 47.
Qc8 Ne3+ 48. Kh3 Nxc4 49. Rf8 Nd6 50. Rh8+ Kg6 51. Qg4+ Kf7 52. Qd7+ Re7 53.
Qd8 Qe5 54. Qf8+ Kg6 55. Qg8 Qe6+ 56. g4 Qxg8 57. Rxg8 e3 0-1

[Event "15. Torneo Aficionados Benidorm s-2300"]
[Site "Benidorm ESP"]
[Date "2016.12.08"]
[Round "8.5"]
[White "Gromovs, Sergejs"]
[Black "Torres Sanchez, Jose"]
[Result "0-1"]
[PlyCount "114"]
[EventDate "2016.12.02"]
[EventType "swiss"]
[EventRounds "10"]
[EventCountry "ESP"]
[SourceTitle "Ajedrez en Madrid"]
[Source "lmi"]
[SourceDate "2016.12.02"]
[WhiteElo "2119"]
[BlackElo "2281"]

1. d4 Nf6 2. c4 d6 3. Nf3 g6 4. Nc3 Bf5 5. Ng5 Bg7 6. e4 Bc8 7. Be2 O-O 8. O-O
e5 9. d5 a5 10. Rb1 h6 11. Nf3 Nh5 12. a3 Nf4 13. b4 Bg4 14. Ne1 Nxe2+ 15. Nxe2
Bxe2 16. Qxe2 axb4 17. axb4 Nd7 18. Nd3 f5 19. c5 fxe4 20. Qxe4 Kh7 21. Qc4 Nf6
22. Rd1 Qe7 23. b5 Qf7 24. Nb4 dxc5 25. Qxc5 Ne4 26. Qe3 Nc3 27. Bd2 Nxd1 28.
Rxd1 Ra3 29. Qe2 Qf5 30. Rc1 Rf7 31. h3 Bf8 32. f3 Rb3 33. Qc4 Rb1 34. Nd3
Rxc1+ 35. Bxc1 Rd7 36. Nf2 Bg7 37. Ng4 Qf7 38. Ne3 c6 39. bxc6 bxc6 40. d6 Qxc4
41. Nxc4 Kg8 42. Ba3 Kf7 43. Kf2 Ke6 44. Ke3 Bf8 45. Kd3 Bxd6 46. Bxd6 Rxd6+
47. Nxd6 Kxd6 48. h4 Kd5 49. g3 e4+ 50. fxe4+ Ke5 51. Ke3 h5 52. Kf3 c5 53. g4
hxg4+ 54. Kxg4 Kxe4 55. Kg5 c4 56. Kxg6 c3 57. h5 c2 0-1

[Event "15. Torneo Aficionados Benidorm s-2300"]
[Site "Benidorm ESP"]
[Date "2016.12.08"]
[Round "8.6"]
[White "Mingarro Carceller, Sergi"]
[Black "Gonzalez Laso, Adrian"]
[Result "1-0"]
[PlyCount "56"]
[EventDate "2016.12.02"]
[EventType "swiss"]
[EventRounds "10"]
[EventCountry "ESP"]
[SourceTitle "Ajedrez en Madrid"]
[Source "lmi"]
[SourceDate "2016.12.02"]
[WhiteElo "2276"]
[BlackElo "2192"]

1. e4 e6 2. d4 d5 3. Nc3 Bb4 4. e5 c5 5. a3 Bxc3+ 6. bxc3 Ne7 7. Qg4 Qc7 8. Bd3
cxd4 9. Ne2 dxc3 10. Qxg7 Rg8 11. Qxh7 Qxe5 12. h4 Rxg2 13. Bg5 Nbc6 14. Kf1
Rg4 15. Re1 a6 16. Ng3 Qd6 17. Nh5 Rxg5 18. hxg5 Qxa3 19. Nf6+ Kd8 20. Qxf7 Kc7
21. g6 Kb6 22. g7 Ka7 23. Rh8 Qb4 24. g8=Q Nxg8 25. Rxg8 Qf4 26. Rb1 Ne5 27.
Qc7 Nxd3 28. Qb6+ Kb8 1-0

[Event "15. Torneo Aficionados Benidorm s-2300"]
[Site "Benidorm ESP"]
[Date "2016.12.08"]
[Round "8.7"]
[White "Madina Yadarola, Martin"]
[Black "De La Cruz Sanchez, Carlos G"]
[Result "1/2-1/2"]
[PlyCount "57"]
[EventDate "2016.12.02"]
[EventType "swiss"]
[EventRounds "10"]
[EventCountry "ESP"]
[SourceTitle "Ajedrez en Madrid"]
[Source "lmi"]
[SourceDate "2016.12.02"]
[WhiteElo "2209"]
[BlackElo "2250"]

1. e4 c5 2. Nf3 d6 3. c3 Nf6 4. Bd3 g6 5. Bc2 Bg7 6. h3 O-O 7. O-O Nc6 8. d3 e5
9. d4 exd4 10. cxd4 cxd4 11. Nxd4 Nxd4 12. Qxd4 Re8 13. Qa4 Bd7 14. Qb4 a5 15.
Qxd6 Bb5 16. Qxd8 Raxd8 17. Re1 Nxe4 18. Na3 Bc6 19. Nc4 a4 20. Na5 Nd6 21. Bg5
Rxe1+ 22. Rxe1 Re8 23. Rxe8+ Bxe8 24. Bf4 b6 25. Bxd6 bxa5 26. Ba3 Bb5 27. g3
Bd4 28. Kg2 f5 29. b3 1/2-1/2

[Event "15. Torneo Aficionados Benidorm s-2300"]
[Site "Benidorm ESP"]
[Date "2016.12.08"]
[Round "8.8"]
[White "Urukalovic, Roman"]
[Black "Lacrosse, Marc"]
[Result "0-1"]
[PlyCount "61"]
[EventDate "2016.12.02"]
[EventType "swiss"]
[EventRounds "10"]
[EventCountry "ESP"]
[SourceTitle "Ajedrez en Madrid"]
[Source "lmi"]
[SourceDate "2016.12.02"]
[WhiteElo "2243"]
[BlackElo "2205"]

1. e4 e5 2. Nf3 Nc6 3. Bb5 a6 4. Ba4 Nf6 5. d3 b5 6. Bb3 Bc5 7. O-O d6 8. h3 h6
9. c3 O-O 10. Re1 Re8 11. Nbd2 Be6 12. Bc2 d5 13. Nf1 d4 14. Ng3 Qd7 15. cxd4
Bxd4 16. Nh2 Rad8 17. Nh5 Nxh5 18. Qxh5 Qe7 19. Ng4 Bxg4 20. Qxg4 Rd6 21. a3
Rg6 22. Qh5 Qf6 23. Rf1 Bb6 24. Bd2 Nd4 25. Bd1 Rd8 26. Rc1 Ne6 27. Qe2 Rd6 28.
Be3 Nf4 29. Bxf4 Qxf4 30. Bb3 Qg3 31. Qd1 0-1

[Event "15. Torneo Aficionados Benidorm s-2300"]
[Site "Benidorm ESP"]
[Date "2016.12.08"]
[Round "8.9"]
[White "Galiana Fernandez, Adrian"]
[Black "Damia, Angelo"]
[Result "1-0"]
[PlyCount "69"]
[EventDate "2016.12.02"]
[EventType "swiss"]
[EventRounds "10"]
[EventCountry "ESP"]
[SourceTitle "Ajedrez en Madrid"]
[Source "lmi"]
[SourceDate "2016.12.02"]
[WhiteElo "2102"]
[BlackElo "2233"]

1. e4 Nc6 2. Nf3 Nf6 3. e5 Nd5 4. d4 d6 5. Bb5 a6 6. Bxc6+ bxc6 7. Nbd2 Bf5 8.
O-O e6 9. c4 Nb6 10. b3 Be7 11. Ba3 O-O 12. Re1 a5 13. Ne4 a4 14. Nfd2 axb3 15.
axb3 Rxa3 16. Rxa3 dxe5 17. Ra6 exd4 18. Qf3 Bb4 19. Rd1 c5 20. Qf4 Qd7 21. Ra7
Rc8 22. g4 Bg6 23. h4 e5 24. Qg3 f5 25. h5 Be8 26. gxf5 Qxf5 27. Nd6 Qxh5 28.
Nxc8 Qxd1+ 29. Nf1 Nd7 30. Rxc7 d3 31. Nd6 d2 32. Nxe8 Qxf1+ 33. Kxf1 d1=Q+ 34.
Kg2 Kf8 35. Qxg7+ 1-0

[Event "15. Torneo Aficionados Benidorm s-2300"]
[Site "Benidorm ESP"]
[Date "2016.12.08"]
[Round "8.10"]
[White "Nieves Cabanes, Jose Manuel"]
[Black "Sai Agni Jeevitesh, J."]
[Result "1/2-1/2"]
[PlyCount "125"]
[EventDate "2016.12.02"]
[EventType "swiss"]
[EventRounds "10"]
[EventCountry "ESP"]
[SourceTitle "Ajedrez en Madrid"]
[Source "lmi"]
[SourceDate "2016.12.02"]
[WhiteElo "2220"]
[BlackElo "2115"]

1. Nf3 Nf6 2. c4 e6 3. g3 d5 4. Bg2 dxc4 5. Qa4+ Bd7 6. Qxc4 Bc6 7. O-O Be7 8.
Nc3 Nbd7 9. e4 O-O 10. Re1 e5 11. d4 Nb6 12. Qd3 exd4 13. Qxd4 Qc8 14. Ne5 Rd8
15. Nxc6 bxc6 16. Qe3 Ng4 17. Qe2 Ne5 18. Be3 Nbc4 19. Rad1 Nxe3 20. Qxe3 Qb7
21. Qe2 Bc5 22. h3 Qb4 23. Kh2 Bd4 24. f4 Nc4 25. Nd5 cxd5 26. Rxd4 Qxb2 27.
Qxb2 Nxb2 28. exd5 c5 29. Rd2 Rab8 30. Re7 a5 31. Bf1 Na4 32. d6 Nb6 33. Rc7
Rbc8 34. Rxc8 Nxc8 35. d7 Na7 36. Rd5 Kf8 37. Rxc5 Rxd7 38. Rxa5 Nc6 39. Ra8+
Ke7 40. g4 h6 41. Bg2 Rd2 42. Kg3 Nd4 43. Be4 Re2 44. Bd5 Re3+ 45. Kg2 Re2+ 46.
Kf1 Re3 47. Ra7+ Kd6 48. Bg2 Ke6 49. a4 Ra3 50. f5+ Kf6 51. a5 g6 52. fxg6 fxg6
53. a6 Nc2 54. Ra8 Ne3+ 55. Kf2 Nxg2 56. Kxg2 Kg5 57. a7 Ra2+ 58. Kg3 Ra3+ 59.
Kg2 Ra2+ 60. Kf3 Ra3+ 61. Kg2 Ra2+ 62. Kf3 Ra3+ 63. Ke4 1/2-1/2

[Event "15. Torneo Aficionados Benidorm s-2300"]
[Site "Benidorm ESP"]
[Date "2016.12.08"]
[Round "8.11"]
[White "Lillo Castany, Victor"]
[Black "Nieves Cabanes, Javier"]
[Result "1-0"]
[PlyCount "87"]
[EventDate "2016.12.02"]
[EventType "swiss"]
[EventRounds "10"]
[EventCountry "ESP"]
[SourceTitle "Ajedrez en Madrid"]
[Source "lmi"]
[SourceDate "2016.12.02"]
[WhiteElo "2290"]
[BlackElo "2166"]

1. e4 c5 2. Nf3 Nc6 3. Bb5 g6 4. Bxc6 dxc6 5. d3 Bg7 6. h3 Nf6 7. Nc3 Nd7 8.
Be3 e5 9. O-O Qe7 10. Nh2 Nf8 11. f4 exf4 12. Bxf4 Ne6 13. Be3 Nd4 14. Qd2 h6
15. Rae1 Be6 16. Bf4 O-O-O 17. e5 g5 18. Bg3 Nf5 19. Bf2 b6 20. a4 h5 21. Ne4
Bxe5 22. Nxg5 Qc7 23. Nhf3 Bf4 24. Qc3 Rhg8 25. Nxe6 fxe6 26. Qf6 Kb7 27. Qxe6
Qg7 28. g4 hxg4 29. Nh4 Nxh4 30. Qe7+ Rd7 31. Bxh4 Qd4+ 32. Bf2 Qd5 33. Qe4
gxh3+ 34. Kh1 Qd6 35. Bg1 Bg3 36. Re2 Rdg7 37. a5 Qc7 38. Qc4 Bd6 39. a6+ Ka8
40. Rfe1 Qd7 41. Qe6 Qd8 42. Bh2 Rg6 43. Qxg6 Rxg6 44. Bxd6 1-0

[Event "15. Torneo Aficionados Benidorm s-2300"]
[Site "Benidorm ESP"]
[Date "2016.12.08"]
[Round "8.12"]
[White "Barbera Estelles, Rosendo"]
[Black "Sanchez Jerez, Emilio Miguel"]
[Result "1-0"]
[PlyCount "59"]
[EventDate "2016.12.02"]
[EventType "swiss"]
[EventRounds "10"]
[EventCountry "ESP"]
[SourceTitle "Ajedrez en Madrid"]
[Source "lmi"]
[SourceDate "2016.12.02"]
[WhiteElo "2178"]
[BlackElo "2295"]

1. e4 e5 2. Nf3 d6 3. d4 exd4 4. Nxd4 Nf6 5. Nc3 Be7 6. Be2 O-O 7. O-O Re8 8.
f4 Bf8 9. Bf3 c5 10. Nb3 Nc6 11. Kh1 a5 12. a4 Nb4 13. Re1 d5 14. e5 Bf5 15.
Re2 Qb6 16. Nb5 Rad8 17. c3 Bd3 18. cxb4 Bxe2 19. Qxe2 axb4 20. Be3 d4 21. Bf2
Nd5 22. Bxd5 Rxd5 23. Nd2 Qc6 24. Nc4 d3 25. Qf3 Red8 26. Rd1 d2 27. Nbd6 f6
28. Na5 R5xd6 29. Nxc6 Rxc6 30. Qe2 1-0